000 00620nam a2200229 i 4500
001 C2-0250225
003 PPAK
005 20180727214004.0
008 030617s1997 sa |||| ||||| | eng d
040 _aPPAK
_beng
_cPPAK
_erda
082 0 4 _a297.4
_223
090 0 0 _a297.4
_bMOO
_dKSI
100 1 _aMoosa, Ebrahim,
_eauthor
245 1 0 _a'Id al-Adha Khutba
264 1 _aClaremont Western Cape :
_bClaremont Main Road Masjid ,
_c1997
300 _a7 pages ;
_c21 cm
336 _2rdacontent
_atext
337 _2rdamedia
_aunmediated
338 _2rdacarrier
_avolume
650 1 0 _aIslamic sermons
942 _ddc
_cB
999 _c63608
_d63608